Lecciones y modelos de práctica forense (Registro nro. 104325)

Detalles MARC
000 -LEADER
campo de control de longitud fija 00651nam a2200181 i 4500
001 - NÚMERO DE CONTROL
campo de control 104325
003 - IDENTIFICADOR DE NÚMERO DE CONTROL
campo de control ES-MaACL
005 - FECHA Y HORA DE LA ÚLTIMA TRANSACCIÓN
campo de control 20230906183553.0
007 - CAMPO FIJO DE DESCRIPCIÓN FÍSICA--INFORMACIÓN GENERAL
campo de control de longitud fija t|
008 - DATOS DE LONGITUD FIJA--INFORMACIÓN GENERAL
campo de control de longitud fija 051128s1944 sp ||||1| spa d
100 1# - ENTRADA PRINCIPAL--NOMBRE DE PERSONA
Nombre de persona Miguel y Romero, Mauro.
9 (RLIN) 81040
245 10 - MENCIÓN DEL TÍTULO
Título Lecciones y modelos de práctica forense
Resto del título : (derecho procesal práctico) /
Mención de responsabilidad, etc. Mauro Miguel y Romero; con anotaciones y adiciones de Carlos Miguel y Alonso.
250 ## - MENCION DE EDICION
Mención de edición sexta edición notablemente corr. y aum.
260 ## - PUBLICACIÓN, DISTRIBUCIÓN, ETC.
Lugar de publicación, distribución, etc. Madrid :
Nombre del editor, distribuidor, etc. Victoriano Suarez,
Fecha de publicación, distribución, etc. 1944.
300 ## - DESCRIPCIÓN FÍSICA
Extensión 2 v. ;
Dimensiones 23 cm.
700 1# - ENTRADA AGREGADA--NOMBRE PERSONAL
Nombre de persona Miguel y Alonso, Carlos.
9 (RLIN) 81037
852 ## - LOCALIZACIÓN
Ubicación ES-MaACL
Número de control de estantería F-16157-59
Sublocalización o colección R.20807
Existencias
Estatus retirado Estado de pérdida Estado de daño No para préstamo Biblioteca de origen Biblioteca actual Ubicación en estantería Fecha de adquisición Fuente de adquisición Total de préstamos Signatura topográfica completa Código de barras Visto por última vez Precio de reemplazo Tipo de ítem Koha
        Biblioteca del Ateneo de Madrid Biblioteca del Ateneo de Madrid Sala Pecera Planta 2 17/01/2008     F-16157-59 1108924 23/02/2023 23/02/2023 Libro impreso